Sports Quiz

Random Sports or Football Quiz

Which NFL player wasn't a 1st rounder? Quiz Stats

 Plays Quiz not verified by Sporcle

Score 0/10 Timer 02:00
0 Plays Today
Question Answer Wrong Answers
In 2017, which one of these players was not picked in the first round? DeShone Kizer
82.8%
Christian McCaffrey
3.2%
Deshaun Watson
5.4%
O.J. Howard
5.4%
In 2012, which one of these players was not picked in the first round? Kirk Cousins
82.8%
Ryan Tannehill
4.3%
Kendall Wright
5.4%
Doug Martin
7.5%
In 2011, which one of these players was not picked in the first round? DeMarco Murray
80.6%
Julio Jones
5.4%
Blaine Gabbert
3.2%
Mike Pouncey
10.8%
In 2014, which one of these players was not picked in the first round? Allen Robinson
73.1%
Odell Beckham Jr.
4.3%
Brandin Cooks
17.2%
Johnny Manziel
4.3%
In 2016, which one of these players was not picked in the first round? Myles Jack
69.9%
Eli Apple
9.7%
Ezekiel Elliott
2.2%
Will Fuller
15.1%
In 2010, which one of these players was not picked in the first round? Sean Lee
67.7%
Jason Pierre-Paul
5.4%
Ryan Mathews
18.3%
Tim Tebow
8.6%
In 2009, which one of these players was not picked in the first round? Jared Cook
65.6%
Darrius Heyward-Bey
4.3%
Clay Mathews
9.7%
Malcolm Jenkins
20.4%
In 2013, which one of these players was not picked in the first round? Zach Ertz
62.4%
DeAndre Hopkins
11.8%
Luke Joeckel
3.2%
Tyler Eifert
21.5%
In 2015, which one of these players was not picked in the first round? Ameer Abdullah
60.2%
Marcus Peters
16.1%
Nelson Agholor
11.8%
Melvin Gorden
9.7%
In 2008, which one of these players was not picked in the first round? DeSean Jackson
52.7%
Darren McFadden
3.2%
Joe Flacco
10.8%
Aqib Talib
33.3%

You're not logged in!

Compare scores with friends on all Sporcle quizzes.
OR
Log In

You Might Also Like...

Show Comments

Extras

Top Quizzes Today


Score Distribution

Your Account Isn't Verified!

In order to create a playlist on Sporcle, you need to verify the email address you used during registration. Go to your Sporcle Settings to finish the process.

Report this User

Report this user for behavior that violates our Community Guidelines.

Details: